| 000 | 00700nam a2200217 a 4500 | ||
|---|---|---|---|
| 001 | 000017318 | ||
| 005 | 20240411074010.0 | ||
| 008 | 100322s1999 dr a 000 j spa d | ||
| 020 | _z9768109084 | ||
| 040 |
_aDO-SdBNP _bspa _cBNPHU |
||
| 082 |
_aRD863.44 _bS593j |
||
| 100 | 1 |
_aSimó, Eric, _d1957- _937973 |
|
| 245 | 1 | 3 |
_aEl Jabao : _bcuentos / _cEric Simó. ; ilustración Hampton Rodríguez. |
| 260 |
_aSanto Domingo : _bCocolo, _c1999. _fBúho |
||
| 300 |
_a89 p. : _bil. ; _c21 cm. |
||
| 500 | _aIncluye datos biográficos del autor en la solapa. | ||
| 650 | 0 |
_aCuentos dominicanos _9176 |
|
| 650 | 4 |
_aLiteratura domincana _925681 |
|
| 700 | 1 |
_aRodríguez, Hampton, _eil. _937974 |
|
| 049 | _aBNPD | ||
| 999 |
_c16843 _d16843 |
||